Угадай болгарские слова - Statistics

General Stats
  • This quiz has been taken 87 times
  • The average score is 4 of 21
Answer Stats
Слово Перевод % Correct
Кръст Крест
86%
Обяд Обед
81%
Вана Ванна
70%
Бира Пиво
32%
Чесън Чеснок
23%
Оцет Уксус
20%
Градина Сад
12%
Чушка Перец
12%
Леля Тетя
11%
Пролет Весна
11%
Изпит Экзамен
9%
Молив Карандаш
7%
Стълба Лестница
7%
Магданоз Петрушка
5%
Фотьойл Кресло
5%
Чиния Тарелка
5%
Дюля Айва
4%
Кестен Каштан
4%
Пейка Скамейка
4%
Плъх Крыса
4%
Юфка Лапша
3%
No matching quizzes found
Score Distribution
Percent of People with Each Score
Percentile by Number Answered
Your Score History
You have not taken this quiz